<?xml version="1.0" encoding="UTF-8"?>
<record
    xmlns:xsi="http://www.w3.org/2001/XMLSchema-instance"
    xsi:schemaLocation="http://www.loc.gov/MARC21/slim http://www.loc.gov/standards/marcxml/schema/MARC21slim.xsd"
    xmlns="http://www.loc.gov/MARC21/slim">

  <leader>01139nam a22001577a 4500</leader>
  <datafield tag="999" ind1=" " ind2=" ">
    <subfield code="c">517386</subfield>
    <subfield code="d">517386</subfield>
  </datafield>
  <controlfield tag="008">210712b           ||||| |||| 00| 0 eng d</controlfield>
  <datafield tag="100" ind1=" " ind2=" ">
    <subfield code="a">Menon, Nikhil</subfield>
    <subfield code="9">26588</subfield>
  </datafield>
  <datafield tag="245" ind1=" " ind2=" ">
    <subfield code="a">Gandhi&#x2019;s spinning wheel: The charkha and Its regenerative effects</subfield>
  </datafield>
  <datafield tag="260" ind1=" " ind2=" ">
    <subfield code="a">Journal of The History of Ideas  </subfield>
  </datafield>
  <datafield tag="300" ind1=" " ind2=" ">
    <subfield code="a">81(4), Oct, 2020: 643-662</subfield>
  </datafield>
  <datafield tag="520" ind1=" " ind2=" ">
    <subfield code="a">This essay interrogates the role of the charkha (spinning wheel) in Mohandas Gandhi&#x2019;s thought. It argues that spinning deserves to be recognized as belonging in the realm of other high concepts and practices, such as non-violence, that have garnered much more academic attention. The article explores the centrality of the charkha to Gandhi&#x2019;s ideology, emphasizing underappreciated facets such as its physical, moral, and spiritual effects. Finally, it argues that the versatility of the spinning wheel to Gandhi offers insights into how he conceived of and negotiated the relationship between means and ends in his philosophy. &#x2013; Reproduced </subfield>
  </datafield>
  <datafield tag="650" ind1=" " ind2=" ">
    <subfield code="a">Spinning wheel, History - India</subfield>
    <subfield code="9">26589</subfield>
  </datafield>
  <datafield tag="773" ind1=" " ind2=" ">
    <subfield code="a">Journal of The History of Ideas </subfield>
  </datafield>
  <datafield tag="906" ind1=" " ind2=" ">
    <subfield code="a">GANDHI, M.K.</subfield>
  </datafield>
  <datafield tag="942" ind1=" " ind2=" ">
    <subfield code="c">AR</subfield>
  </datafield>
  <datafield tag="952" ind1=" " ind2=" ">
    <subfield code="0">0</subfield>
    <subfield code="1">0</subfield>
    <subfield code="2">ddc</subfield>
    <subfield code="4">0</subfield>
    <subfield code="7">0</subfield>
    <subfield code="9">391452</subfield>
    <subfield code="a">IIPA</subfield>
    <subfield code="b">IIPA</subfield>
    <subfield code="d">2021-07-12</subfield>
    <subfield code="h">81(4), Oct, 2020: 643-662</subfield>
    <subfield code="p">AR124725</subfield>
    <subfield code="r">2021-07-12</subfield>
    <subfield code="y">AR</subfield>
  </datafield>
</record>
